ARRUPE JESUIT UNIVERSITY

CORONAVIRUS -STOP THE SPREAD - CLEAN,DISINFECT,COVER

Ezekiel / (Record no. 118261)

MARC details
000 -LEADER
fixed length control field 01124cam a2200301 a 4500
001 - CONTROL NUMBER
control field 15575009
003 - CONTROL NUMBER IDENTIFIER
control field ARRUPE
005 - DATE AND TIME OF LATEST TRANSACTION
control field 20131007145207.0
008 - FIXED-LENGTH DATA ELEMENTS--GENERAL INFORMATION
fixed length control field 090105s2009 miu b 001 0 eng
010 ## - LIBRARY OF CONGRESS CONTROL NUMBER
LC control number 2008054798
020 ## - INTERNATIONAL STANDARD BOOK NUMBER
International Standard Book Number 9781587431661 (cloth)
020 ## - INTERNATIONAL STANDARD BOOK NUMBER
International Standard Book Number 1587431661 (cloth)
035 ## - SYSTEM CONTROL NUMBER
System control number (OCoLC)ocn263987689
040 ## - CATALOGING SOURCE
Original cataloging agency DLC
Transcribing agency DLC
Modifying agency BTCTA
-- YDXCP
-- C#P
-- BWX
-- CDX
-- DLC
050 00 - LIBRARY OF CONGRESS CALL NUMBER
Classification number BS1545.53
Item number .J46 2009
300 ## - PHYSICAL DESCRIPTION
Dimensions 24 cm.
100 1# - MAIN ENTRY--PERSONAL NAME
Personal name Jenson, Robert W.
9 (RLIN) 2163
245 10 - TITLE STATEMENT
Title Ezekiel /
Statement of responsibility, etc Robert W. Jenson.
260 ## - PUBLICATION, DISTRIBUTION, ETC. (IMPRINT)
Place of publication, distribution, etc Grand Rapids, Mich. :
Name of publisher, distributor, etc Brazos Press,
Date of publication, distribution, etc c2009.
300 ## - PHYSICAL DESCRIPTION
Extent 367 p. ;
490 1# - SERIES STATEMENT
Series statement Brazos theological commentary on the Bible
504 ## - BIBLIOGRAPHY, ETC. NOTE
Bibliography, etc Includes bibliographical references (p. 347) and indexes.
630 00 - SUBJECT ADDED ENTRY--UNIFORM TITLE
Uniform title Bible.
Name of part/section of a work Ezekiel
Form subdivision Commentaries.
9 (RLIN) 2164
630 00 - SUBJECT ADDED ENTRY--UNIFORM TITLE
Uniform title Bible.
Name of part/section of a work Ezekiel
General subdivision Theology.
9 (RLIN) 2165
830 #0 - SERIES ADDED ENTRY--UNIFORM TITLE
Uniform title Brazos theological commentary on the Bible.
9 (RLIN) 2166
906 ## - LOCAL DATA ELEMENT F, LDF (RLIN)
a 7
b cbc
c orignew
d 1
e ecip
f 20
g y-gencatlg
942 ## - ADDED ENTRY ELEMENTS (KOHA)
Source of classification or shelving scheme Library of Congress Classification
Koha item type Monograph ( Printed materials)
Holdings
Withdrawn status Lost status Source of classification or shelving scheme Damaged status Not for loan Home library Current library Shelving location Date acquired Total Checkouts Full call number Barcode Date last seen Date checked out Price effective from Koha item type
    Library of Congress Classification     ARRUPE LIBRARY ARRUPE LIBRARY Main Collection 07/10/2013 1 BS1545.53 .J46 2009 46410709 22/03/2017 10/03/2017 07/10/2013 Monograph ( Printed materials)
    Library of Congress Classification     ARRUPE LIBRARY ARRUPE LIBRARY Main Collection 30/01/2014 2 BS1545.53 .J46 2009 46412140 21/04/2017 06/04/2017 30/01/2014 Monograph ( Printed materials)

 

Arrupe Library. PO Box MP320 Mt Pleasant, Harare, Zimbabwe
263 242 745411|librarian@aju.ac.zw